<?xml version="1.0" encoding="UTF-8"?><?xml-stylesheet type="text/xsl" href="static/style.xsl"?><OAI-PMH xmlns="http://www.openarchives.org/OAI/2.0/" xmlns:xsi="http://www.w3.org/2001/XMLSchema-instance" xsi:schemaLocation="http://www.openarchives.org/OAI/2.0/ http://www.openarchives.org/OAI/2.0/OAI-PMH.xsd"><responseDate>2026-04-14T02:39:34Z</responseDate><request verb="GetRecord" identifier="oai:www.recercat.cat:2117/84054" metadataPrefix="marc">https://recercat.cat/oai/request</request><GetRecord><record><header><identifier>oai:recercat.cat:2117/84054</identifier><datestamp>2025-07-17T09:54:08Z</datestamp><setSpec>com_2072_1033</setSpec><setSpec>col_2072_452950</setSpec></header><metadata><record xmlns="http://www.loc.gov/MARC21/slim" xmlns:dcterms="http://purl.org/dc/terms/" xmlns:xsi="http://www.w3.org/2001/XMLSchema-instance" xmlns:doc="http://www.lyncode.com/xoai" xsi:schemaLocation="http://www.loc.gov/MARC21/slim http://www.loc.gov/standards/marcxml/schema/MARC21slim.xsd">
   <leader>00925njm 22002777a 4500</leader>
   <datafield ind2=" " ind1=" " tag="042">
      <subfield code="a">dc</subfield>
   </datafield>
   <datafield ind2=" " ind1=" " tag="720">
      <subfield code="a">Vega Ainsa, Isabel</subfield>
      <subfield code="e">author</subfield>
   </datafield>
   <datafield ind2=" " ind1=" " tag="720">
      <subfield code="a">Albareda Fernández, Elena</subfield>
      <subfield code="e">author</subfield>
   </datafield>
   <datafield ind2=" " ind1=" " tag="260">
      <subfield code="c">2014</subfield>
   </datafield>
   <datafield ind2=" " ind1=" " tag="520">
      <subfield code="a">Aquest article és una presentació de l’Estudi de viabilitat d’implantació de criteris de drenatge sostenible que vaig realitzar per a l’Ajuntament de Sant Cugat del Vallès, i que parteix de la meva vinculació en aquest àmbit de recerca i de l’interès municipal pels temes de sostenibilitat en general i de gestió de l’aigua en particular.&#xd;
&#xd;
Dins de l’àmbit de recerca iniciat a l’Escola Superior d’Arquitectura del Vallès (ETSAV) sobre temes d’urbanisme sostenible, es va creure interessant establir una col•laboració amb l’Ajuntament de Sant Cugat que pogués ser beneficiosa per a ambdues institucions en la tasca de millorar la vinculació de la ciutat amb el territori, a través d’un treball sobre el municipi centrat en l’estudi del drenatge urbà sostenible, objecte de la meva tesi doctoral a la UPC, en tecnologia de l’arquitectura, actualment en curs.&#xd;
&#xd;
La implantació del drenatge urbà sostenible, per la reconsideració que implica en la relació amb el territori, suposaria per a la ciutat uns notables valors afegits pel seu model urbà vers la sostenibilitat.&#xd;
&#xd;
L’estudi es va desenvolupar durant un any, en quatre fases que van abordar l’anàlisi dels sistemes SUDS, l’anàlisi del territori objecte d’estudi, la seva diagnosi i la seva viabilitat d’implantació, determinant les zones d’oportunitat i la proposta d’estratègies d’intervenció sobre la base d’objectius fixats de comú acord amb l’Ajuntament.&#xd;
&#xd;
L’estudi aborda el repte de verificar si és viable la implantació de criteris de drenatge sostenible al territori de Sant Cugat i explica la problemàtica de l’actual drenatge urbà i l’alternativa del drenatge sostenible per a una millor gestió de l’aigua de pluja a l’entorn urbà. A través de l’anàlisi del territori, se n’extreuen aquells aspectes determinants en la gestió de l’aigua de pluja que permetran la seva caracterització i posterior diagnosi. La viabilitat d’aplicació es planteja a partir d’uns objectius de resolució de problemàtiques i aprofitament de recursos que generaran unes zones d’oportunitat i unes estratègies per aplicar.</subfield>
   </datafield>
   <datafield ind2=" " ind1=" " tag="520">
      <subfield code="a">Postprint (author's final draft)</subfield>
   </datafield>
   <datafield tag="653" ind2=" " ind1=" ">
      <subfield code="a">Àrees temàtiques de la UPC::Edificació::Construcció sostenible</subfield>
   </datafield>
   <datafield tag="653" ind2=" " ind1=" ">
      <subfield code="a">Water reuse</subfield>
   </datafield>
   <datafield tag="653" ind2=" " ind1=" ">
      <subfield code="a">Infraestructures verdes</subfield>
   </datafield>
   <datafield tag="653" ind2=" " ind1=" ">
      <subfield code="a">Gestió urbana de l’aigua de pluja</subfield>
   </datafield>
   <datafield tag="653" ind2=" " ind1=" ">
      <subfield code="a">Drenatge sostenible</subfield>
   </datafield>
   <datafield tag="653" ind2=" " ind1=" ">
      <subfield code="a">Sistemes urbans de drenatge sostenible (SUDS)</subfield>
   </datafield>
   <datafield tag="653" ind2=" " ind1=" ">
      <subfield code="a">Stormwater manegement</subfield>
   </datafield>
   <datafield tag="653" ind2=" " ind1=" ">
      <subfield code="a">Aigua--Reutilització</subfield>
   </datafield>
   <datafield ind2="0" ind1="0" tag="245">
      <subfield code="a">El Drenatge sostenible a Sant Cugat del Vallès: anàlisi, diagnosi i viabilitat del territori</subfield>
   </datafield>
</record></metadata></record></GetRecord></OAI-PMH>